00547nam a2200169 4500245009600000710001400096710001600110260004500126300002300171490004800194020001500242082001700257650003400274650002600308650003500334041000800369 aEducation : expectations, roles and behavioural approachcedited by V.K. Rao and R.S. Reddy aRao, V.K. aReddy, R.S. aNew DelhibCommonwealth Publishersc1992 a[4],340p.; 22cm.- aWorld educational development series; no. 2 a8171692249 a370.153bRAO aEducation-Aims And Objectives aEducational Sociology aEducation-Behavioural Approach aeng